Matrices for statistics /

Guardado en:
Autor Principal: Healy, M. J. R.
Formato: Libro
Idioma:English
Publicado: Oxford : New York : Clarendon Press ; Oxford University Press, 1986.
Series:Oxford science publications
Materias:
Etiquetas: Agregar Etiqueta
Sin Etiquetas, Sea el primero en etiquetar este registro!
LEADER 00936cam a2200229 a 4500
001 MAT.inmabb003483
008 860113s1986####enka#####b####001#0#eng##
005 20130307165255.0
245 1 0 |a Matrices for statistics /  |c M. J. R. Healy. 
260 |a Oxford :  |b Clarendon Press ;  |a New York :  |b Oxford University Press,  |c 1986. 
300 |a ix, 89 p. :  |b il. ;  |c 24 cm. 
440 0 |a Oxford science publications 
504 |a Bibliografía: p. 86. 
505 0 |a 1. Introducing matrices -- 2. Determinants -- 3. Inverse matrices -- 4. Linear dependence and rank -- 5. Simultaneous equations and generalized inverses -- 6. Linear spaces -- 7. Quadratic forms and eigensystems -- 8. Matrix calculations. 
020 |a 019852207X 
100 1 |a Healy, M. J. R. 
650 0 |a Matrices. 
650 0 |a Mathematical statistics. 
084 |a 15-01 (62)  |2 msc2000 
010 |a  86000753  
040 |a DLC  |c DLC  |d DLC 
859 |h 15  |i H434  |p A-6297  |b BIB. MATEMATICA